000 00312nam a22001337a 4500
020 _a81-887326-00X
082 _a158
_bKRI/K
100 _aKRISHNAMURTI
245 _aON EDUCATION
260 _aINDIA
_bKRISHNAMURTI FOUNDATION INDIA
300 _a158
650 _aPERSONALITY DEVELOPMENT BOOK
_zINDIA
942 _cBK
999 _c5403
_d5403